000 00271nam a22001217a 4500
008 180807b xxu||||| |||| 00| 0 eng d
082 _a813.52
245 _aNursing Assistant
_cELSEVIER
260 _c2006
300 _a1
_fCD
440 _x9996009580R2
942 _2ddc
_cMX
999 _c46890
_d46890